| 000 | 00864nam a2200241Ia 4500 | ||
|---|---|---|---|
| 003 | GCL | ||
| 008 | 140319s9999 xx 000 0 ara d | ||
| 040 |
_aGCL / _cGCL |
||
| 082 | 0 | 4 |
_a947.02 _bف ك |
| 100 | 1 | _aفورنوف، يورى | |
| 245 | 1 | 0 |
_aالكتاب الابيض لابخازيا : _bوثائق وشواهد الحرب الابخازية - الجورجية / _cفورنوف، يورى |
| 700 | 1 | _aفلورينسكى، ب . ف | |
| 700 | 1 | _aشوتوفا، ا | |
| 700 | 1 | _aتيسير كم نقش | |
| 700 | 1 | _aاحمد باكير | |
| 300 | _a173 ص | ||
| 650 | 0 | 4 | _aجرائم الحرب |
| 650 | 0 | 4 | _aالجمهوريات السوفيتية |
| 650 | 0 | 4 | _aابخازيا - تاريخ |
| 650 | 0 | 4 | _aجورجيا - تاريخ |
| 650 | 0 | 4 | _aالاتحاد السوفيتى - تاريخ - العصرالحديث - تفكك |
| 942 |
_2ddc _cBK |
||
| 999 |
_c48478 _d48478 |
||